Nederlandse Knooppunten per Snelweg - Statistieken

Algemene statistieken
  • Deze quiz is 214 keer genomen
    198 sinds de laatste reset
  • De gemiddelde score is 76 van 205
Antwoordstatistieken
Snelweg Kruis met Knooppunt % Correct
A1 A28 Hoevelaken
67%
A28 A1 Hoevelaken
67%
A2 A12 Oudenrijn
63%
A12 A2 Oudenrijn
63%
A4 A9 Badhoevedorp
61%
A9 A4 Badhoevedorp
61%
A12 A27 Lunetten
61%
A27 A12 Lunetten
61%
A4 A12 Prins Clausplein
58%
A12 A4 Prins Clausplein
58%
A15 A16/A38 Ridderkerk
58%
A16 A15/A38 Ridderkerk
58%
A38 A15/A16 Ridderkerk
58%
A15 A27 Gorinchem
56%
A27 A15 Gorinchem
56%
A27 A59 Hooipolder
56%
A59 A27 Hooipolder
56%
A2 A10 Amstel
55%
A10 A2 Amstel
55%
A2 A27 Everdingen
53%
A27 A2 Everdingen
53%
A1 A10 Watergraafsmeer
53%
A10 A1 Watergraafsmeer
53%
A2 A15 Deil
52%
A15 A2 Deil
52%
A1 A27 Eemnes
52%
A27 A1 Eemnes
52%
A1 A6 Muiderberg
52%
A6 A1 Muiderberg
52%
A4 A15 Benelux
48%
A15 A4 Benelux
48%
A6 A27 Almere
47%
A27 A6 Almere
47%
A5 A8/A10 Coenplein
47%
A8 A5/A10 Coenplein
47%
A10 A5/A8 Coenplein
47%
A1 A50 Beekbergen
45%
A50/N50 A1 Beekbergen
45%
A4 A10 De Nieuwe Meer
45%
A10 A4 De Nieuwe Meer
45%
A2 A67/N2 Leenderheide
45%
A67 A2/N2 Leenderheide
45%
A27 A28 Rijnsweerd
45%
A28 A27 Rijnsweerd
45%
A9 A200/A205 Rottepolderplein
45%
A200 A9/A205 Rottepolderplein
45%
A205 A9/A200/N205 Rottepolderplein-Zuid
45%
A1 A9 Diemen
44%
A9 A1 Diemen
44%
A2 A73 Het Vonderen
44%
A73 A2 Het Vonderen
44%
A6 A7 Joure
44%
A7/N7 A6 Joure
44%
A4 A20 Kethelplein
44%
A20 A4 Kethelplein
44%
A16 A59 Zonzeel
44%
A59 A16 Zonzeel
44%
A6 N50 Emmeloord
42%
A50/N50 A6 Emmeloord
42%
A2 A59 Empel
42%
A59 A2 Empel
42%
A50/N50 A73/N322 Ewijk
42%
A73 A50/N322 Ewijk
42%
N322 A50/A73 Ewijk
42%
A2 A76 Kerensheide
42%
A76 A2 Kerensheide
42%
A2 A58/N2 Batadorp
41%
A58 A2/N2 Batadorp
41%
N11 A12 Bodegraven
41%
A12 N11 Bodegraven
41%
A28 A50 Hattemerbroek
41%
A50/N50 A28 Hattemerbroek
41%
A2 A9 Holendrecht
41%
A9 A2 Holendrecht
41%
A16 A58 Princeville
41%
A58 A16 Princeville
41%
A2 A65 Vught
41%
A65 A2 Vught
41%
A1 A35 Azelo
39%
A35 A1 Azelo
39%
A4 A5 De Hoek
39%
A5 A4 De Hoek
39%
A2 A67 De Hogt
39%
A67 A2/N2 De Hogt
39%
A16 A58 Galder
39%
A58 A16 Galder
39%
A12 A50 Grijsoord
39%
A50/N50 A12 Grijsoord
39%
A4 A58 Markiezaat
39%
A58 A4 Markiezaat
39%
A4 A29/A59 Sabina
39%
A29 A4/A59 Sabina
39%
A59 A4/A29 Sabina
39%
A16 A20 Terbregseplein
39%
A20 A16 Terbregseplein
39%
A73 A74 Tiglia
39%
A74 A73 Tiglia
39%
A7/N7 A32 Heerenveen
38%
A32/N32 A7 Heerenveen
38%
A28 A37/A48 Hoogeveen
38%
A37 A28/N48 Hoogeveen
38%
N48 A28/A37 Hoogeveen
38%
A12 A18 Oud-Dijk
38%
A18 A12 Oud-Dijk
38%
A12 A50 Waterberg
38%
A50/N50 A12 Waterberg
38%
A4 A13 Ypenburg
38%
A13 A4 Ypenburg
38%
A7/N7 A8 Zaandam
38%
A8 A7 Zaandam
38%
A7/N7 N31 Zurich
38%
N31 A7 Zurich
38%
A28 N33 Assen
36%
N33 A28 Assen
36%
A1 A35 Buren
36%
A35 A1 Buren
36%
A16 A17/A59 Klaverpolder
36%
A17 A16/A59 Klaverpolder
36%
A59 A16/A17 Klaverpolder
36%
A12 A30 Maanderbroek
36%
A30 A12 Maanderbroek
36%
A27 A58 Sint-Annabosch
36%
A58 A27 Sint-Annabosch
36%
A15 A29 Vaanplein
36%
A29 A15 Vaanplein
36%
A9 A22 Velsen
36%
A22 A9 Velsen
36%
A4 A44 Burgerveen
34%
A44 A4 Burgerveen
34%
A7/N7 N31 Drachten
34%
N31 A7 Drachten
34%
A2 A50 Ekkersweijer
34%
A50/N50 A2 Ekkersweijer
34%
A12 A20 Gouwe
34%
A20 A12 Gouwe
34%
A4 A59 Hellegatsplein
34%
A29 A59 Hellegatsplein
34%
A59 A29/N59 Hellegatsplein
34%
A13 A20 Kleinpolderplein
34%
A20 A13 Kleinpolderplein
34%
A12 N325/A348 Velperbroek
34%
A325 A12/A348 Velperbroek
34%
A348/N348 A12/N325 Velperbroek
34%
A4 A58 Zoomland
34%
A58 A4 Zoomland
34%
A67 A73 Zaarderheiken
33%
A73 A67 Zaarderheiken
33%
A9 A22 Beverwijk
31%
A22 A9 Beverwijk
31%
A2 A59 Hintham
31%
A59 A2 Hintham
31%
A28 A32 Lankhorst
31%
A32/N32 A28 Lankhorst
31%
A50/N50 A59 Paalgraven
31%
A59 A50 Paalgraven
31%
A50/N50 A326 Bankhoef
30%
A326 A50 Bankhoef
30%
A2 A79 Kruisdonk
30%
A79 A2 Kruisdonk
30%
A73 A783 Neerbosch
30%
A783 A73 Neerbosch
30%
A73 A77 Rijkevoort
28%
A77 A73 Rijkevoort
28%
A15 A50 Valburg
28%
A50/N50 A15 Valburg
28%
A17 A58 De Stok
27%
A58 A17 De Stok
27%
A58 A65 De Baars
25%
A65 A58 De Baars
25%
A17 A59 Noordhoek
25%
A59 A17 Noordhoek
25%
A5 A9 Raasdorp
25%
A9 A5 Raasdorp
25%
A15 A325/N325 Ressen
25%
A325 A15/N325 Ressen
25%
N34 A37 Holsloot
23%
A37 N34 Holsloot
23%
N31 N32 Werpsterhoek
23%
A32/N32 N31 Werpsterhoek
23%
A7/N7 N33 Zuidbroek
23%
N33 A7 Zuidbroek
23%
A76 A79 Kunderberg
22%
A79 A76 Kunderberg
22%
A58 A256 De Poel
20%
A256 A58 De Poel
20%
A7/N7 N46 Euvelgunne
20%
N46 N7 Euvelgunne
20%
A6 N702 Gooimeer
20%
N702 A6 Gooimeer
20%
A9 N9 Kooimeer
20%
A28 N34 De Punt
19%
N34 A28 De Punt
19%
A22 A208 IJmuiden
19%
A208 A22 IJmuiden
19%
A58 N62 Stelleplas
16%
N62 A58 Stelleplas
16%
A76 N281 Ten Esschen
16%
N281 A76 Ten Esschen
16%
A20 N213/N223 Westerlee
16%
N213/N233 A20 Westerlee
16%
A15 Europaweg Slufter
11%
N46 N370 Boterdiep
9%
N370 N46 Boterdiep
9%
N344 N348 De Knoop
6%
A348/N348 N344 De Knoop
6%
Geen overeenkomende quizzen gevonden
Scoreverdeling
Procent van Mensen met Elke Score
Percentiel versus Aantal Correcte Antwoorden
Uw Scoregeschiedenis
U heeft deze quiz nog niet genomen sinds de laatste reset